Shiloh season (Record no. 107775)

MARC details
000 -LÍDER
campo de controle de tamanho fixo 00669 a2200253 4500
001 - NÚMERO DE CONTROLE
campo de controle 107775
020 ## - ISBN - INTERNATIONAL STANDARD BOOK NUMBER
ISBN - International Standard Book Number 9780689806469
020 ## - ISBN - INTERNATIONAL STANDARD BOOK NUMBER
ISBN - International Standard Book Number 9780689806476
020 ## - ISBN - INTERNATIONAL STANDARD BOOK NUMBER
ISBN - International Standard Book Number 9780689814600
041 ## - CÓDIGO DE IDIOMA
Código do idioma do texto/trilha sonora ou título diferente por
082 ## - CDD - CLASSIFICAÇÃO DECIMAL DE DEWEY
Número de Classificação P Year 5 [Fic]
092 ## - CLASSIFICAÇÃO DE DEWEY ATRIBUÍDA LOCALMENTE (OCLC)
Número de Classificação 95032558 /AC
040 ## - FONTE DA CATALOGAÇÃO
Instituição da catalogação original BR-BrIDEA
Instituição que transcreveu o registro BR-BrIDEA
090 ## - NÚMERO DE CHAMADA LOCAL
Número de chamada (OCLC) (R); Número de chamada, CALL (RLIN) (NR) P Year 5 [Fic]
Número Cutter local (OCLC); Número de classificação do livro, CALL (RLIN) NAY
100 ## - ENTRADA PRINCIPAL--NOME PESSOAL
Nome pessoal Naylor, Phyllis Reynolds.
245 10 - TÍTULO
Título Shiloh season
Indicação de responsabilidade, etc. Phyllis Reynolds Naylor
260 ## - PUBLICAÇÃO, DISTRIBUIÇÃO, ETC.
Local de publicação, distribuição, etc. New York
Nome do editor, distribuidor, etc. Atheneum Books for Young Readers
Data da publicação, distribuição, etc. 1996
300 ## - DESCRIÇÃO FÍSICA
Extensão 120 p.
697 ## - ENTRADA DE ASSUNTO LOCAL--ENTIDADE COLETIVA (RLIN)
Nome corporativo ou nome da jurisdição West Virginia - Fiction.
697 ## - ENTRADA DE ASSUNTO LOCAL--ENTIDADE COLETIVA (RLIN)
Nome corporativo ou nome da jurisdição Kindness - Fiction.
697 ## - ENTRADA DE ASSUNTO LOCAL--ENTIDADE COLETIVA (RLIN)
Nome corporativo ou nome da jurisdição Dogs - Fiction.
856 ## - LOCALIZAÇÃO ELETRÔNICA E ACESSO
Uniform Resource Identifier <a href="000004/00000461.jpg">000004/00000461.jpg</a>
942 ## - ELEMENTOS DE ENTRADA ADICIONADOS (KOHA)
Tipo de material Koha Livros
Holdings
Situação do descarte Situação das perdas Fonte da classificação ou esquema de arquivamento na estante Situação física Não pode ser emprestado Biblioteca de origem Biblioteca atual Data de aquisição Total de empréstimos Número de chamada completo Código de barras Data de último acesso Data do preço efetivo Tipo de material Koha Devolução em Data do último empréstimo
    Classificação Decimal de Dewey     ECB - SUDOESTE ECB - SUDOESTE 19/02/2020   P Year 5 [Fic] NAY 00049086SSW 23/01/2024 23/01/2024 Livros    
    Classificação Decimal de Dewey     ECB - SUDOESTE ECB - SUDOESTE 19/02/2020   P Year 5 [Fic] NAY 00049088SSW 23/01/2024 23/01/2024 Livros    
    Classificação Decimal de Dewey     ECB - SUDOESTE ECB - SUDOESTE 19/02/2020   P Year 5 [Fic] NAY 00049089SSW 23/01/2024 23/01/2024 Livros    
    Classificação Decimal de Dewey     ECB - SUDOESTE ECB - SUDOESTE 01/02/2016   P Year 5 [Fic] 00022772SSW 23/01/2024 23/01/2024 Livros    
    Classificação Decimal de Dewey     ECB - SUDOESTE ECB - SUDOESTE 13/03/2017 5 P Year 5 [Fic] 00022757SSW 24/06/2024 23/01/2024 Livros   17/06/2024
    Classificação Decimal de Dewey     ECB - ÁGUAS CLARAS ECB - ÁGUAS CLARAS 19/02/2020   AP Year 5 [Fic] NAY 00049084AGC 23/01/2024 23/01/2024 Livros    
    Classificação Decimal de Dewey     ECB - ÁGUAS CLARAS ECB - ÁGUAS CLARAS 19/02/2020   AP Year 5 [Fic] NAY 00049085AGC 23/01/2024 23/01/2024 Livros    
    Classificação Decimal de Dewey     ECB - ÁGUAS CLARAS ECB - ÁGUAS CLARAS 19/02/2020 1 AP Year 5 [Fic] NAY 00049087AGC 18/09/2024 23/01/2024 Livros 17/11/2024 18/09/2024
    Classificação Decimal de Dewey     ECB - ÁGUAS CLARAS ECB - ÁGUAS CLARAS 19/02/2020 1 AP Year 5 [Fic] NAY 00049090AGC 18/09/2024 23/01/2024 Livros 17/11/2024 18/09/2024
    Classificação Decimal de Dewey     ECB - ÁGUAS CLARAS ECB - ÁGUAS CLARAS 13/03/2017   AP Year 5 [Fic] NAY 00029027AGC 23/01/2024 23/01/2024 Livros